| 000 | 00494nam a2200181Ia 4500 | ||
|---|---|---|---|
| 005 | 20250508155509.0 | ||
| 008 | 008 250505s9999 xx 000 0 eng d | ||
| 037 | _aTextual | ||
| 040 |
_aFEDL _beng _cFEDL |
||
| 041 |
_aeng _2eng |
||
| 084 |
_a915.41, NCE _qFEDL |
||
| 100 |
_aMoray V E _9767031 |
||
| 245 | 0 | _aPeople of NEFA | |
| 245 | 0 | _cNational Council of Educational Research and Training | |
| 300 | _a21p. | ||
| 942 |
_cTEXL _h915.41, NCE |
||
| 999 |
_c1357300 _d1357300 |
||